1041 1175 1506 1357 1343 1534 1880 1519 1957 1877 1324 1309 1457 1506 1042 1151 1412 1498 1752 1947 1756 1868 1226 1597 1811 1916 1164 1068 1259 1823 1304 1385 1300 1635 1737 1146 1061 1128 1401 1471 1199 1346 1612 1985 1990 1172 1782 1009 1439 1134 1225 1669 1296 1575 1524 1909 1432 1087 1670 1915 1880 1952 1644 1744 1605 1259 1160 1117 1727 1153 1739 1974 1316 1214 1133 1644 1215 1674 1558 1942 1297 1994 1128 1914 1803 1105 1128 1712 1140 1430 1054 1286 1671 1127 1378 1391 1269 1133 1494 BCNSPRNW ULIB Ver.6.0+V

เปลี่ยนเป็นภาษาไทย

Change to English
 แสดงรายละเอียดบรรณานุกรม
  กลับหน้าหลัก

Brief Record : Get Marc (ISO 2709) : E-mail record : QR code < ปิดหน้าต่าง
LEADER : 00000nam 2200000uu 4500
001    13399128249
003     ULIB
008    220822s2557||||th 000 0 tha d
020    ^a9786162997037 (ล.5)
050  0 ^aนว^bก947ล^cล.5
100 0  ^aโก้วเล้ง
245 10 ^aลูกปลาน้อยเซียวฮื้อยี้ เล่ม 5. /^cโก้วเล้ง, เขียน ; น.นพรัตน์, แปล
246 30 ^aเซียวฮื้อยี้
250    ^aพิมพ์ครั้งที่ 1
260    ^aกรุงเทพฯ :^bสยามอินเตอร์บุ๊ค,^c2557
300    ^a6 เล่ม ;^c21 ซม.
650  4 ^aนวนิยายจีนกำลังภายใน
650  4 ^aนวนิยายจีน^xการแปลเป็นภาษาไทย
653    ^aOpen Your Eyes Project
700 0  ^aน.นพรัตน์,^eผู้แปล
945    ^p260^l0^i009354
999    ^aประนอม เกษจรัล
รายการนี้ยังไม่มีแท็ก
คุณยังไม่ได้ล็อกอิน คุณสามารถมีกิจกรรมร่วมกับเว็บไซต์ได้ แต่ต้องล็อกอินก่อน ::
  ล็อกอิน

รายการสื่อสารสนเทศ

ลำดับที่ ประเภท เลขเรียก/บาร์โค้ด สถานที่ สถานะ
1. นวนิยาย
นวนิยาย
นว ก947ล ล.5 ฉ.1 
  Barcode: 009354
ห้องสมุดวิทยาเขตสวรรค์ประชารักษ์
►หนังสือทั่วไป
บนชั้น

รายการใกล้เคียง
    ผู้แต่ง [โก้วเล้ง]

    หัวเรื่อง [นวนิยายจีนกำลังภายใน]

BibComment


ยังไม่เคยถูกคอมเมนท์

คอมเมนท์ทรัพยากรรายการนี้
  คอมเมนท์: ลูกปลาน้อยเซียวฮ..


 Copyright 2026. Bcnsprnw @Library